| 000 | 07959nam a22005897a 4500 | ||
|---|---|---|---|
| 005 | 20091104142536.0 | ||
| 010 | _aHIN-88256 | ||
| 020 |
_a9788183221467 _c95.00 |
||
| 035 | _aHN-60602 | ||
| 035 | _aB-368406-432 | ||
| 037 | _bDBAD / VEN | ||
| 037 | _bबुक सप्लाई कम्पनी/ VEN | ||
| 082 | _a923.154 | ||
| 100 |
_aकलाम,ए.पी.जे.अब्दुल _95748 |
||
| 245 |
_aछुआ आसमानः _cए.पी.जे.अब्दुल कलाम _bआत्मकथा / |
||
| 260 |
_aभोपाल _bमंजुल पब्लिशिंग हाउस _c2009 |
||
| 270 |
_a10,निशार कॉलोनी _bभोपाल _e462003 _k917554240340 _mmanjul@manjulindia.com |
||
| 300 |
_a125पृ. _c22सेमी(अजिल्द) _bफोटो |
||
| 500 | _a | ||
| 650 |
_a _95749 |
||
| 700 |
_a _95750 |
||
| 942 |
_2ddc _cHN _mकलाम _h923.154 |
||
| 999 |
_c31365 _d31365 |
||